[Event "Montevideo Duchamp Cup 3rd"]
[Site "Montevideo"]
[Date "2019.02.16"]
[Round "9"]
[White "Pena Canapa, Alfredo"]
[Black "Rodriguez Delfino, Tiago"]
[Result "0-1"]
[WhiteElo "1867"]
[BlackElo "1427"]
[PlyCount "188"]
[EventDate "2019.02.09"]
[EventType "swiss"]
[EventRounds "9"]
[EventCountry "URU"]
[SourceTitle "CBM 189 Extra"]
[Source "ChessBase"]
[SourceDate "2019.06.03"]
[SourceVersion "1"]
[SourceVersionDate "2019.06.03"]
[SourceQuality "1"]

1. d4 d5 2. c4 e6 3. Nf3 Nf6 4. g3 Bb4+ 5. Bd2 Bxd2+ 6. Qxd2 Qe7 7. Bg2 0-0 8. 0-0 Nbd7 9. Qc2 c5 10. cxd5 exd5 11. e3 h6 12. Nc3 Re8 13. Rac1 b6 14. Rfd1 cxd4 15. Rxd4 Bb7 16. Rdd1 Rac8 17. Qa4 a6 18. Qf4 Ne5 19. Nd4 Ng6 20. Qf5 Qe5 21. Bh3 Qxf5 22. Nxf5 Ne4 23. Na4 Rxc1 24. Rxc1 b5 25. Rc7 Bc8 26. Nb6 Ng5 27. Nxh6+ gxh6 28. Bxc8 Ne6 29. Ra7 Nc5 30. Bxa6 Re6 31. b4 Nxa6 32. Rxa6 Kg7 33. Kg2 Ne5 34. a4 bxa4 35. b5 a3 36. f4 Nd7 37. Rxa3 Rxb6 38. Rb3 Nc5 39. Rb4 Ne6 40. Ra4 Nc7 41. Ra7 Nxb5 42. Rd7 Rd6 43. Rb7 Na3 44. Re7 Nc4 45. Kf2 Re6 46. Rd7 Nxe3 47. Kf3 Kf8 48. g4 Ke8 49. Ra7 Nc4 50. Ra4 Re3+ 51. Kf2 Re4 52. Kg3 Nd2 53. Ra6 Nf1+ 54. Kg2 Rxf4 55. Rxh6 Ne3+ 56. Kg3 Rxg4+ 57. Kf3 Re4 58. Rd6 Ke7 59. Ra6 Re6 60. Ra7+ Kf6 61. Rd7 Re5 62. Kf4 Nc4 63. Rc7 Re4+ 64. Kf3 Ne5+ 65. Kf2 d4 66. Ra7 d3 67. Ra6+ Kf5 68. Rd6 Ng4+ 69. Kg3 Re3+ 70. Kg2 Ke4 71. h4 Re2+ 72. Kg3 Ne5 73. h5 Nc4 74. Rd8 Kf5 75. Rxd3 Re3+ 76. Rxe3 Nxe3 77. Kf3 Nd5 78. h6 Kg6 79. Ke4 Nf6+ 80. Kf4 Kxh6 81. Kf5 Kg7 82. Kg5 Nd7 83. Kf5 Nb8 84. Kg5 f6+ 85. Kf5 Kf7 86. Kf4 Ke6 87. Ke4 f5+ 88. Kf3 Ke5 89. Ke3 f4+ 90. Kf3 Kf5 91. Kg2 Kg4 92. Kf2 f3 93. Kg1 Kg3 94. Kh1 Kf2 0-1

[Event "Montevideo Duchamp Cup 2nd"]
[Site "Montevideo"]
[Date "2018.02.02"]
[Round "1"]
[White "Rodriguez Delfino, Tiago"]
[Black "Muniz, Gonzalo"]
[Result "0-1"]
[WhiteElo "1426"]
[BlackElo "1988"]
[PlyCount "84"]
[EventDate "2018.02.02"]
[EventType "swiss"]
[EventRounds "9"]
[EventCountry "URU"]
[SourceTitle "CBM 182 Extra"]
[Source "ChessBase"]
[SourceDate "2018.02.23"]
[SourceVersion "1"]
[SourceVersionDate "2018.02.23"]
[SourceQuality "1"]

1. e4 c5 2. c3 d5 3. exd5 Qxd5 4. d4 e6 5. Nf3 Nf6 6. Bb5+ Bd7 7. Bxd7+ Nbxd7 8. 0-0 Be7 9. dxc5 Nxc5 10. Qxd5 Nxd5 11. Rd1 0-0 12. Na3 Rfd8 13. Nc2 h6 14. Be3 Na4 15. Rab1 Nxe3 16. Nxe3 Bf6 17. Ng4 Rxd1+ 18. Rxd1 Nxb2 19. Nxf6+ gxf6 20. Rb1 Na4 21. Rxb7 Nxc3 22. a3 Ne4 23. Rb4 Ng5 24. Nd4 f5 25. Nc6 Ne4 26. Rb7 a6 27. Rb8+ Rxb8 28. Nxb8 Nc5 29. f4 Kf8 30. Nc6 Ke8 31. Kf2 f6 32. Ke3 Kd7 33. Nb4 Kd6 34. Kd4 e5+ 35. Ke3 a5 36. Nc2 Ne6 37. g3 Kd5 38. Kd3 exf4 39. gxf4 Nxf4+ 40. Kd2 Ke4 41. Ne3 Nd5 42. Ng2 f4 0-1

[Event "South America School-ch 33rd"]
[Site "Cochabamba"]
[Date "2017.12.08"]
[Round "9.1"]
[White "Amarilla Sandoval, Alejandro"]
[Black "Rodriguez Delfino, Tiago"]
[Result "1-0"]
[WhiteElo "1393"]
[BlackElo "1426"]
[PlyCount "117"]
[EventDate "2017.12.05"]
[EventType "team-tourn"]
[EventRounds "9"]
[EventCountry "BOL"]
[SourceTitle "CBM 182 Extra"]
[Source "ChessBase"]
[SourceDate "2018.02.23"]
[SourceVersion "1"]
[SourceVersionDate "2018.02.23"]
[SourceQuality "1"]
[WhiteTeam "Paraguay"]
[BlackTeam "Uruguay"]
[WhiteTeamCountry "PAR"]
[BlackTeamCountry "URU"]

1. d4 Nf6 2. Bf4 g6 3. e3 Bg7 4. Nf3 0-0 5. Nbd2 d6 6. Be2 Nbd7 7. c3 Nh5 8. Bg5 h6 9. Bh4 g5 10. Ng1 Nhf6 11. Bg3 e5 12. h4 Nh7 13. hxg5 Qxg5 14. Ngf3 Qe7 15. Nh4 Ndf6 16. Qb3 Be6 17. Qxb7 Rab8 18. Qxa7 Rxb2 19. Qa3 Rfb8 20. dxe5 Nd5 21. exd6 Qd7 22. dxc7 Nxc7 23. Rd1 Rxa2 24. Qd6 Rbb2 25. Qxd7 Bxd7 26. Bxc7 Bxc3 27. Nhf3 Ng5 28. 0-0 Bxd2 29. Be5 Ba4 30. Bxb2 Bxd1 31. Rxd1 Nxf3+ 32. Bxf3 Rxb2 33. Be4 Kg7 34. g3 Bc3 35. Kg2 Rb4 36. Kf3 Rb6 37. Kg4 Rb4 38. f3 Bf6 39. Rb1 Ra4 40. Rd1 Bg5 41. Rd3 Rb4 42. Kh3 Rb2 43. f4 Bf6 44. Kg4 Rb5 45. Rd7 h5+ 46. Kf3 Rc5 47. Bd5 Ba1 48. Rxf7+ Kg6 49. Rd7 Kf6 50. Bb7 Bb2 51. Rd6+ Ke7 52. Rh6 Bc1 53. Rh7+ Kd6 54. Rh6+ Ke7 55. Rc6 Rxc6 56. Bxc6 Kf6 57. Be8 h4 58. gxh4 Kg7 59. e4 1-0

[Event "South America School-ch 33rd"]
[Site "Cochabamba"]
[Date "2017.12.07"]
[Round "7.1"]
[White "Soto, Miguel Angel"]
[Black "Rodriguez Delfino, Tiago"]
[Result "1-0"]
[WhiteElo "2137"]
[BlackElo "1426"]
[PlyCount "43"]
[EventDate "2017.12.05"]
[EventType "team-tourn"]
[EventRounds "9"]
[EventCountry "BOL"]
[SourceTitle "CBM 182 Extra"]
[Source "ChessBase"]
[SourceDate "2018.02.23"]
[SourceVersion "1"]
[SourceVersionDate "2018.02.23"]
[SourceQuality "1"]
[WhiteTeam "Colombia"]
[BlackTeam "Uruguay"]
[WhiteTeamCountry "COL"]
[BlackTeamCountry "URU"]

1. e4 e6 2. d4 d5 3. Nd2 dxe4 4. Nxe4 Nd7 5. Nf3 Ngf6 6. Bd3 Nxe4 7. Bxe4 Nf6 8. Bg5 Be7 9. Bxf6 Bxf6 10. Qd3 g6 11. Bxb7 Bxb7 12. Qb5+ Qd7 13. Qxb7 0-0 14. 0-0 Rab8 15. Qxa7 Rxb2 16. c3 Rfb8 17. h3 R8b7 18. Qc5 Qa4 19. Ne5 Bxe5 20. dxe5 Rxa2 21. Rad1 Qb5 22. Rd8+ 1-0

[Event "South America School-ch 33rd"]
[Site "Cochabamba"]
[Date "2017.12.05"]
[Round "2.1"]
[White "Rodriguez Delfino, Tiago"]
[Black "Titichoca Daza, Daniel Henry"]
[Result "0-1"]
[WhiteElo "1426"]
[BlackElo "1923"]
[PlyCount "68"]
[EventDate "2017.12.05"]
[EventType "team-tourn"]
[EventRounds "9"]
[EventCountry "BOL"]
[SourceTitle "CBM 182 Extra"]
[Source "ChessBase"]
[SourceDate "2018.02.23"]
[SourceVersion "1"]
[SourceVersionDate "2018.02.23"]
[SourceQuality "1"]
[WhiteTeam "Uruguay"]
[BlackTeam "Bolivia"]
[WhiteTeamCountry "URU"]
[BlackTeamCountry "BOL"]

1. e4 c5 2. c3 d6 3. d4 Qc7 4. Be3 Nf6 5. Bd3 Nbd7 6. Nf3 g6 7. 0-0 Bg7 8. h3 0-0 9. Nbd2 a6 10. Re1 b6 11. Rc1 Bb7 12. Qe2 e5 13. Nh2 Rfe8 14. d5 b5 15. c4 b4 16. b3 Nh5 17. Ndf1 Nf4 18. Qd2 Nxd3 19. Qxd3 f5 20. exf5 e4 21. Qc2 gxf5 22. Ng3 Rf8 23. Bf4 Ne5 24. Bxe5 Bxe5 25. Ngf1 Rae8 26. f3 Bd4+ 27. Kh1 e3 28. Qd3 Qg7 29. Nxe3 Bc8 30. Nc2 Be5 31. Qe2 Bd7 32. Qd3 Rf6 33. Re2 Kh8 34. Rf1 Qg3 0-1

[Event "Wch U14"]
[Site "Montevideo"]
[Date "2017.09.18"]
[Round "3"]
[White "Risteski, Emil"]
[Black "Rodriguez Delfino, Tiago"]
[Result "1/2-1/2"]
[WhiteElo "1899"]
[BlackElo "1456"]
[PlyCount "58"]
[EventDate "2017.09.17"]
[EventType "swiss"]
[EventRounds "11"]
[EventCountry "URU"]
[SourceTitle "CBM 180 Extra"]
[Source "ChessBase"]
[SourceDate "2017.10.06"]
[SourceVersion "1"]
[SourceVersionDate "2017.10.06"]
[SourceQuality "1"]

1. e4 e6 2. d4 d5 3. Nd2 dxe4 4. Nxe4 Nd7 5. Nf3 Ngf6 6. Nxf6+ Nxf6 7. Bd3 Bd6 8. 0-0 h6 9. Qe2 0-0 10. Rd1 Qe7 11. Ne5 Nd7 12. Nxd7 Bxd7 13. Qe4 f5 14. Qe2 Qh4 15. g3 Qxd4 16. Bb5 Qxd1+ 17. Qxd1 Bxb5 18. c3 Bc6 19. Qe1 e5 20. c4 Rae8 21. b4 b6 22. Ba3 e4 23. Rd1 f4 24. Rxd6 cxd6 25. b5 fxg3 26. hxg3 Bb7 27. Bxd6 Rf6 28. Bf4 Rf5 29. Be3 Rd8 1/2-1/2

[Event "Wch U14"]
[Site "Montevideo"]
[Date "2017.09.17"]
[Round "1"]
[White "Talukdar, Rohan Shyam"]
[Black "Rodriguez Delfino, Tiago"]
[Result "1-0"]
[WhiteElo "2132"]
[BlackElo "1456"]
[PlyCount "47"]
[EventDate "2017.09.17"]
[EventType "swiss"]
[EventRounds "11"]
[EventCountry "URU"]
[SourceTitle "CBM 180 Extra"]
[Source "ChessBase"]
[SourceDate "2017.10.06"]
[SourceVersion "1"]
[SourceVersionDate "2017.10.06"]
[SourceQuality "1"]

1. e4 e6 2. d4 d5 3. Nd2 dxe4 4. Nxe4 Nd7 5. Nf3 Ngf6 6. Nxf6+ Nxf6 7. Bd3 Bd6 8. Bg5 h6 9. Bd2 0-0 10. Qe2 Re8 11. 0-0-0 Qe7 12. Ne5 Nd7 13. c3 c5 14. Kb1 cxd4 15. cxd4 Bxe5 16. dxe5 f6 17. f4 a6 18. g4 fxe5 19. fxe5 Qc5 20. Qe4 Nxe5 21. Bb4 Nxd3 22. Bxc5 Nxc5 23. Qg6 Bd7 24. b4 1-0

[Event "URU-chT Provinces"]
[Site "Montevideo"]
[Date "2017.08.27"]
[Round "5.4"]
[White "Rodriguez Delfino, Tiago"]
[Black "Quinteiro, Martin"]
[Result "1/2-1/2"]
[WhiteElo "1436"]
[BlackElo "1570"]
[PlyCount "65"]
[EventDate "2017.08.25"]
[EventType "team-swiss"]
[EventRounds "5"]
[EventCountry "URU"]
[SourceTitle "EXT 2019"]
[Source "ChessBase"]
[SourceDate "2018.10.10"]
[SourceVersion "1"]
[SourceVersionDate "2018.10.10"]
[SourceQuality "1"]
[WhiteTeam "Colonia Nueva Helvecia"]
[BlackTeam "Montevideo VII"]
[WhiteTeamCountry "URU"]
[BlackTeamCountry "URU"]

1. e4 d5 2. exd5 Nf6 3. Nc3 Nxd5 4. Nxd5 Qxd5 5. Nf3 e5 6. d3 Nc6 7. c4 Bb4+ 8. Bd2 Bxd2+ 9. Qxd2 Qd6 10. a3 Bg4 11. Be2 0-0 12. 0-0 e4 13. Ne1 Bxe2 14. Qxe2 exd3 15. Qxd3 Rad8 16. Rd1 Qxd3 17. Rxd3 h6 18. f4 Rfe8 19. g3 Na5 20. Rxd8 Rxd8 21. Rf2 Nxc4 22. Rc2 Rd1 23. Rxc4 Rxe1+ 24. Kf2 Rh1 25. Kg2 Rb1 26. Rxc7 Rxb2+ 27. Kf3 Rb3+ 28. Ke4 Rxa3 29. Rxb7 Ra4+ 30. Kf3 Ra2 31. h4 g6 32. g4 Ra3+ 33. Ke4 1/2-1/2

[Event "URU-ch sf"]
[Site "Montevideo"]
[Date "2017.02.27"]
[Round "6"]
[White "Barla, Rafael"]
[Black "Rodriguez Delfino, Tiago"]
[Result "0-1"]
[WhiteElo "1893"]
[BlackElo "1325"]
[PlyCount "128"]
[EventDate "2017.02.24"]
[EventType "swiss"]
[EventRounds "8"]
[EventCountry "URU"]
[SourceTitle "EXT 2018"]
[Source "ChessBase"]
[SourceDate "2017.10.13"]
[SourceVersion "1"]
[SourceVersionDate "2017.10.13"]
[SourceQuality "1"]

1. d4 Nf6 2. Nf3 g6 3. e3 Bg7 4. Be2 0-0 5. 0-0 d6 6. c3 Nbd7 7. Nbd2 e5 8. Qc2 c6 9. b3 Ng4 10. h3 Nh6 11. Ba3 Qc7 12. Nc4 c5 13. Rad1 Re8 14. Nxd6 Qxd6 15. dxe5 Qc7 16. Qe4 Nxe5 17. Bb5 Nxf3+ 18. Qxf3 Re7 19. Qd5 Be6 20. Qxc5 Qxc5 21. Bxc5 Rc7 22. Bd4 Nf5 23. Bd3 Nxd4 24. cxd4 Rac8 25. Be4 f5 26. Bf3 b6 27. d5 Bd7 28. a4 Rc3 29. d6 Kh8 30. Bd5 Bf8 31. Bc4 Bxa4 32. Be6 Bxb3 33. Bxc8 Bxd1 34. d7 Rd3 35. e4 Ba4 36. exf5 Bxd7 37. Ba6 Rd6 38. fxg6 Rxg6 39. Bd3 Rg7 40. Kh2 Bc6 41. f3 Bd6+ 42. Kh1 Re7 43. Rc1 Bg3 44. Kg1 Re1+ 45. Rxe1 Bxe1 46. Kf1 Bg3 47. Ke2 h5 48. Bg6 h4 49. Bd3 Kg7 50. Ke3 Kf6 51. Bf1 Ke5 52. Bd3 Bd5 53. Ba6 Bc6 54. Kd3 Kd5 55. Bc4+ Kc5 56. Be6 a5 57. Ke3 a4 58. f4 Bxg2 59. f5 Bxh3 60. Ke4 b5 61. Ba2 Bxf5+ 62. Kxf5 a3 63. Kg4 Kb4 64. Kf3 Kc3 0-1

[Event "URU-ch sf"]
[Site "Montevideo"]
[Date "2017.02.24"]
[Round "1"]
[White "Rodriguez Delfino, Tiago"]
[Black "Ibanez, Marcelo"]
[Result "0-1"]
[WhiteElo "1325"]
[BlackElo "1959"]
[PlyCount "48"]
[EventDate "2017.02.24"]
[EventType "swiss"]
[EventRounds "8"]
[EventCountry "URU"]
[SourceTitle "CBM 177 Extra"]
[Source "ChessBase"]
[SourceDate "2017.04.27"]
[SourceVersion "1"]
[SourceVersionDate "2017.04.27"]
[SourceQuality "1"]

1. e4 e5 2. Nf3 d6 3. Bc4 Be7 4. 0-0 Nf6 5. d3 0-0 6. c3 Nbd7 7. Bg5 h6 8. Bh4 c6 9. Nbd2 a5 10. a4 Qc7 11. d4 Re8 12. dxe5 dxe5 13. Qc2 Nf8 14. Bxf6 Bxf6 15. Rfe1 Ne6 16. Bxe6 Bxe6 17. Nb3 Qb6 18. Nfd2 Rad8 19. c4 Rd7 20. Nb1 Qb4 21. N3d2 Red8 22. Rd1 Bg5 23. Qc3 Bxd2 24. Rxd2 Rxd2 0-1

[Event "Montevideo Duchamp Cup 1st"]
[Site "Montevideo"]
[Date "2017.02.12"]
[Round "5"]
[White "Rodriguez Delfino, Tiago"]
[Black "Reolon, Victor"]
[Result "1-0"]
[WhiteElo "1325"]
[BlackElo "1643"]
[PlyCount "101"]
[EventDate "2017.02.09"]
[EventType "swiss"]
[EventRounds "9"]
[EventCountry "URU"]
[SourceTitle "CBM 176 Extra"]
[Source "ChessBase"]
[SourceDate "2017.03.02"]
[SourceVersion "1"]
[SourceVersionDate "2017.03.02"]
[SourceQuality "1"]

1. e4 c5 2. c3 d6 3. d4 cxd4 4. cxd4 Nf6 5. Bd3 Nc6 6. Ne2 Bd7 7. Nbc3 g6 8. Be3 Bg7 9. f3 Nb4 10. Bb1 Rc8 11. a3 Nc6 12. 0-0 a6 13. Qd2 Na5 14. Ba2 Nc4 15. Bxc4 Rxc4 16. Rac1 Rc8 17. Bh6 0-0 18. Na2 Qb6 19. Bxg7 Kxg7 20. Rxc8 Rxc8 21. Rc1 Rc7 22. Rxc7 Qxc7 23. Qc3 Ne8 24. Qxc7 Nxc7 25. Nac3 f5 26. Kf2 Nb5 27. g3 fxe4 28. fxe4 e5 29. dxe5 dxe5 30. Ke3 Nd6 31. b3 g5 32. Nc1 Nb5 33. Nxb5 Bxb5 34. Nd3 Kf6 35. a4 Bc6 36. Nb4 Bd7 37. Kd3 h5 38. h4 Bg4 39. a5 Bd1 40. Nd5+ Kg6 41. Kc4 g4 42. Nc3 Bc2 43. b4 Kf6 44. Kc5 Ke6 45. Kb6 Kd6 46. Kxb7 Bd3 47. Kb6 Bc4 48. b5 axb5 49. Nxb5+ Ke6 50. a6 Bd3 51. Nc3 1-0

[Event "Montevideo Duchamp Cup 1st"]
[Site "Montevideo"]
[Date "2017.02.10"]
[Round "2"]
[White "Rodriguez Delfino, Tiago"]
[Black "Baudel, Simon"]
[Result "0-1"]
[WhiteElo "1325"]
[BlackElo "1754"]
[PlyCount "184"]
[EventDate "2017.02.09"]
[EventType "swiss"]
[EventRounds "9"]
[EventCountry "URU"]
[SourceTitle "CBM 176 Extra"]
[Source "ChessBase"]
[SourceDate "2017.03.02"]
[SourceVersion "1"]
[SourceVersionDate "2017.03.02"]
[SourceQuality "1"]

1. e4 b6 2. d4 e6 3. Nf3 Bb7 4. Bd3 Nf6 5. Bg5 h6 6. Bxf6 gxf6 7. Nbd2 d5 8. c3 dxe4 9. Bxe4 Bxe4 10. Nxe4 f5 11. Ned2 Rg8 12. g3 Nd7 13. a4 a5 14. Qe2 Bd6 15. Nc4 Nf6 16. Nce5 Nd7 17. Nc6 Qc8 18. d5 Nc5 19. Nfd4 e5 20. Nxe5 Kf8 21. Ndc6 Kg7 22. Qh5 Bxe5 23. Nxe5 Qe8 24. Qe2 f6 25. Nc4 Nxa4 26. Ne3 Nc5 27. Nxf5+ Kh7 28. Kf1 Qxe2+ 29. Kxe2 Rae8+ 30. Ne3 Rg5 31. Rad1 Na4 32. Rd2 Rge5 33. Re1 Kg6 34. Kf1 Nc5 35. Ng2 Rxe1+ 36. Nxe1 Rd8 37. c4 Kf5 38. f3 h5 39. h3 a4 40. Nd3 Nb3 41. Rd1 Na5 42. Rc1 c6 43. dxc6 Nxc6 44. Nf4 h4 45. Ne2 hxg3 46. Nxg3+ Kf4 47. Nh5+ Kg5 48. Ng3 Ne5 49. Ne4+ Kf5 50. c5 Nxf3 51. Nd6+ Ke6 52. Nb7 Rc8 53. c6 Ne5 54. c7 Kd7 55. Rd1+ Kxc7 56. Nd6 Rg8 57. Nf5 Rg5 58. Rc1+ Kd7 59. Rd1+ Kc7 60. Rc1+ Kb7 61. Nd6+ Ka6 62. Ra1 b5 63. b3 Ka5 64. Ne4 Rf5+ 65. Ke2 Nc6 66. Nc3 Nd4+ 67. Kd3 Nxb3 68. Rb1 Rf3+ 69. Kc2 Rxh3 70. Rf1 Nd4+ 71. Kb2 Rh2+ 72. Kb1 f5 73. Rf4 Ne2 74. Nxe2 Rxe2 75. Rxf5 Rh2 76. Rf4 Rh5 77. Kb2 b4 78. Rf8 Rh2+ 79. Kb1 b3 80. Rf4 Kb5 81. Rg4 a3 82. Rg5+ Kc4 83. Rg4+ Kd5 84. Rg1 Rh3 85. Rg5+ Ke4 86. Rg1 Kd3 87. Rd1+ Kc3 88. Rc1+ Kb4 89. Rg1 a2+ 90. Kb2 Rh2+ 91. Ka1 Ka3 92. Rg2 Rh1+ 0-1

[Event "South American-ch U12"]
[Site "Santiago de Chile"]
[Date "2016.12.04"]
[Round "5.19"]
[White "Rodriguez Delfino, Tiago"]
[Black "Aguilar, Leonardo"]
[Result "0-1"]
[WhiteElo "1334"]
[BlackElo "1604"]
[PlyCount "128"]
[EventDate "2016.12.01"]
[EventType "swiss"]
[EventRounds "9"]
[EventCountry "CHI"]
[SourceTitle "EXT 2022"]
[Source "ChessBase"]
[SourceDate "2021.10.06"]
[SourceVersion "1"]
[SourceVersionDate "2021.10.06"]
[SourceQuality "1"]

1. e4 e6 2. d4 d5 3. e5 c5 4. c3 Nc6 5. Nf3 Qb6 6. Be2 cxd4 7. cxd4 Nh6 8. Nc3 Nf5 9. Na4 Qa5+ 10. Bd2 Bb4 11. Bc3 b5 12. Bxb4 Qxb4+ 13. Nc3 a6 14. Rb1 Nfxd4 15. Nxd4 Qxd4 16. Qxd4 Nxd4 17. Bd3 0-0 18. Rc1 Bb7 19. 0-0 Nc6 20. f4 Nb4 21. Be2 Rfd8 22. a3 Nc6 23. Bf3 b4 24. Na4 bxa3 25. bxa3 Nd4 26. Rc7 Nxf3+ 27. gxf3 Bc8 28. Rfc1 Rb8 29. Nb6 Rxb6 30. Rxc8 Rb8 31. Rxd8+ Rxd8 32. Rc6 d4 33. Kf1 Kf8 34. Rxa6 Ke7 35. Ra7+ Kf8 36. Ke2 g6 37. Kd3 Rb8 38. Kxd4 Rb2 39. h4 Rh2 40. a4 Rxh4 41. Ke4 Rh1 42. Kd4 h5 43. Rb7 Ra1 44. Rb2 Rxa4+ 45. Ke3 Ra1 46. Rh2 Kg7 47. Rh4 Ra4 48. Rh3 Kh6 49. Rh2 Kg7 50. Rh3 f5 51. Rh4 g5 52. Rxh5 gxf4+ 53. Kf2 Kg6 54. Rh8 Ra5 55. Rg8+ Kf7 56. Rh8 Ra4 57. Rh7+ Ke8 58. Rh8+ Kd7 59. Rh7+ Kc6 60. Kg2 Kd5 61. Rh1 Ra3 62. Re1 Re3 63. Kf2 Rxe1 64. Kxe1 Kxe5 0-1

[Event "South American-ch U12"]
[Site "Santiago de Chile"]
[Date "2016.12.02"]
[Round "3.15"]
[White "Rodriguez Delfino, Tiago"]
[Black "De Borba, Gabriel"]
[Result "0-1"]
[WhiteElo "1334"]
[BlackElo "1930"]
[PlyCount "58"]
[EventDate "2016.12.01"]
[EventType "swiss"]
[EventRounds "9"]
[EventCountry "CHI"]
[SourceTitle "EXT 2022"]
[Source "ChessBase"]
[SourceDate "2021.10.06"]
[SourceVersion "1"]
[SourceVersionDate "2021.10.06"]
[SourceQuality "1"]

1. e4 c5 2. c3 e6 3. d4 d5 4. e5 Nc6 5. Nf3 Qb6 6. Be2 Nh6 7. 0-0 cxd4 8. cxd4 Nf5 9. Nc3 Nfxd4 10. Nxd4 Qxd4 11. Nb5 Qxd1 12. Rxd1 Kd7 13. f4 Bc5+ 14. Kh1 a6 15. Nc3 Ke7 16. Nxd5+ exd5 17. Rxd5 Bb6 18. b3 Bd4 19. Ba3+ Ke8 20. Rd1 Bb6 21. Bf3 Be6 22. Rd6 Rd8 23. Bxc6+ bxc6 24. Rc1 Rxd6 25. Bxd6 Bd4 26. f5 Kd7 27. Re1 Re8 28. h4 f6 29. fxe6+ Kxe6 0-1

[Event "South American-ch U12"]
[Site "Santiago de Chile"]
[Date "2016.12.01"]
[Round "1.4"]
[White "Rodriguez Delfino, Tiago"]
[Black "Flores Quillas, Diego Saul Rodrigo"]
[Result "0-1"]
[WhiteElo "1334"]
[BlackElo "1853"]
[PlyCount "92"]
[EventDate "2016.12.01"]
[EventType "swiss"]
[EventRounds "9"]
[EventCountry "CHI"]
[SourceTitle "EXT 2022"]
[Source "ChessBase"]
[SourceDate "2021.10.06"]
[SourceVersion "1"]
[SourceVersionDate "2021.10.06"]
[SourceQuality "1"]

1. e4 c5 2. c3 Nf6 3. e5 Nd5 4. d4 cxd4 5. cxd4 d6 6. Nf3 e6 7. a3 Bd7 8. Bc4 Bc6 9. 0-0 Nd7 10. Bxd5 Bxd5 11. Bf4 dxe5 12. Nxe5 Be7 13. Nc3 Nb6 14. Bg3 0-0 15. f3 Rc8 16. Rc1 a6 17. f4 Bf6 18. h3 Qe7 19. Nxd5 Nxd5 20. Qd2 Rfd8 21. Rxc8 Rxc8 22. Rc1 Rxc1+ 23. Qxc1 Qc7 24. Qxc7 Nxc7 25. Bf2 Nd5 26. g3 Be7 27. Ng4 Kf8 28. Kg2 Nb6 29. Ne3 Bf6 30. Ng4 Nc4 31. Nxf6 gxf6 32. Kf3 Nxb2 33. Ke4 f5+ 34. Kf3 Nc4 35. Be1 Ke8 36. a4 b6 37. Bc3 h5 38. Ke2 Kd7 39. Kd3 Nd6 40. Ke3 Kc6 41. a5 Nc4+ 42. Kd3 Nxa5 43. Bb4 Kd5 44. Be7 Nc6 45. Bf6 b5 46. g4 fxg4 0-1

[Event "URU-chT Interclubes Serie B"]
[Site "Montevideo"]
[Date "2016.09.24"]
[Round "3.62"]
[White "Rodriguez Delfino, Tiago"]
[Black "Cano, Carlos2222"]
[Result "0-1"]
[WhiteElo "1325"]
[BlackElo "1687"]
[PlyCount "54"]
[EventDate "2016.09.23"]
[EventType "swiss"]
[EventRounds "5"]
[EventCountry "URU"]
[SourceTitle "EXT 2024"]
[Source "ChessBase"]
[SourceDate "2023.10.10"]
[SourceVersion "1"]
[SourceVersionDate "2023.10.10"]
[SourceQuality "1"]

1. e4 e5 2. Nf3 Nc6 3. Bc4 Nf6 4. Ng5 d5 5. exd5 Na5 6. Bb5+ c6 7. dxc6 bxc6 8. Be2 h6 9. Nf3 e4 10. Ne5 Qd4 11. Ng4 Bxg4 12. Bxg4 Bc5 13. 0-0 e3 14. dxe3 Qxg4 15. Qxg4 Nxg4 16. a3 Bd6 17. h3 Nf6 18. Nc3 0-0 19. b3 Be5 20. Bd2 Rad8 21. Be1 Nb7 22. f4 Bxc3 23. Bxc3 Ne4 24. Bb2 Rd2 25. Rac1 Ng3 26. Rf2 Rfd8 27. Bc3 Rxf2 0-1